000 00521nam a2200205Ia 4500
008 220216s9999 xx 000 0 und d
100 _aSidhu M
245 0 _aComparative efficacy of two methods of fertilise placement in mature oil palm and cocoa plantings
260 _bPlanter
_c2002
300 _a179-193
650 _aApplication
650 _aCocoa
650 _aFertilisers
650 _aOil palm
650 _aRubber
700 _aKim M C
700 _aSinuraya Z
700 _aSurianto
942 _cJS
999 _c55920
_d55920